banner-ar

الايديولوجياوالسياسة: دراسات فى الايديولوجيات السياسية المعاصرة / (Record no. 47739)

MARC details
000 -الفاتح
حقل البيانات ثابتة الطول 00737nam a2200205Ia 4500
008 - عناصر البيانات ثابتة الطول - معلومات عامة
حقل البيانات ثابتة الطول 140319s9999 xx 000 0 ara d
040 ## - مصدر الفهرسة
وكالة الفهرسة الأصلية GCL /
وكالة النسخ GCL
082 04 - رقم تصنيف ديوى العشرى
رقم التصنيف 320.5
رقم المادة م ا
100 1# - المدخل الرئيسى - إسم شخصى
الإسم الشخصى مالك عبيد ابوشهيوة
245 10 - بيان العنوان
العنوان الايديولوجياوالسياسة: دراسات فى الايديولوجيات السياسية المعاصرة /
بيان المسئوليه,etc مالك عبيد ابوشهيوة
700 1# - المدخل الاضافى - اسم شخصى
الإسم الشخصى محمود محمد خلف
700 1# - المدخل الاضافى - اسم شخصى
الإسم الشخصى مصطفى عبدالله خشيم
300 ## - الوصف المادى
التعداد 471 ص
490 ## - بيان السلسلة
عنوان السلسلة الهيئة العامة للاستعلامات
رقم المجلد/ التعيين التسلسلي 0
650 04 - المدخل الاضافى بالموضوع-مصطلح موضوعى
مصطلح موضوعي الماركسية
650 04 - المدخل الاضافى بالموضوع-مصطلح موضوعى
مصطلح موضوعي الليبرالية
650 04 - المدخل الاضافى بالموضوع-مصطلح موضوعى
مصطلح موضوعي المذاهب السياسية
942 ## - عناصر المدخل الإضافي( كوها)
مصدر التصنيف او مخطط الترفيف Dewey Decimal Classification
Koha [default] item type كتاب
Holdings
حالة التراجع حالة الفقد حالة تلف ليس للاعارة المكان المؤقت الموقع الحالى تاريخ الاكتساب اجمالي اﻻعارات رقم الطلب الباركود تاريخ اخر مشاهدة تاريخ تفعيل السعر نوع وعاء كوها
        مكتبة القاهرة الكبرى مكتبة القاهرة الكبرى 03/26/2014   320.5\م ا 115121 03/26/2014 03/26/2014 كتاب
        مكتبة القاهرة الكبرى مكتبة القاهرة الكبرى 03/26/2014   320.5\م ا 115122 03/26/2014 03/26/2014 كتاب
        مكتبة القاهرة الكبرى مكتبة القاهرة الكبرى 03/26/2014   320.5\م ا 115123 03/26/2014 03/26/2014 كتاب
        مكتبة القاهرة الكبرى مكتبة القاهرة الكبرى 03/26/2014   320.5\م ا 115124 03/26/2014 03/26/2014 كتاب

Powered By

EGPV